000 00889nam a22002777a 4500
001 000406
003 DO-SdBNP
005 20180205140306.0
007 000406
008 160720b 1987 sp ||||| |||| 00| 0 spa d
020 _a8426100139
040 _aBPMSU
_bspa
_cBPMSU
041 1 7 _aspa
_heng
100 1 _aBlyton, Enid,
_d1897-1968.
240 1 0 _aFive on a hike together.
_lEspañol
245 1 0 _aUn fin de semana de los cinco /
_cEnid Blyton ; traducción de María Victoria Oliva ; ilustraciones de José Correas.
250 _a12ª ed.
260 _aBarcelona :
_bJuventud,
_c1985.
300 _a160 p. :
_bil. ;
_c20 cm.
490 1 _aLos Libros de Enid Blyton
_v31
700 1 2 _aOliva, María Victoria,
_etr.
700 1 2 _aCorreas, José,
_eil.
830 0 _aLos Libros de Enid Blyton ;
_v31
942 _2ddc
_cBK
956 _2LOPEREZ
_310
_620160720
_8BPMSU
_a00041
999 _c10959
_d10959